|
|
|
|
| LEADER |
00000nam a2200000 a 4500 |
| 001 |
vtls001270972 |
| 003 |
SK-MaSNL |
| 005 |
20260301113137.0 |
| 008 |
240318s1985 xx 0 und |
| 035 |
|
|
|a SNK000222060
|
| 040 |
|
|
|a SNK
|b slo
|c SNK
|e AACR2
|
| 100 |
1 |
|
|a Bouzek, Jan,
|d 1935-2020
|4 aut
|9 42521
|
| 245 |
1 |
0 |
|a Úvod do klasické archeologie
|
| 260 |
|
|
|a Praha
|b Univerzita Karlova
|c 1985
|
| 300 |
|
|
|a 150 s.
|
| 958 |
|
|
|a OND
|
| 999 |
|
|
|c 712949
|d 714879
|
| 952 |
|
|
|t P60, <04>, [BOOK], {604}
|a SNK
|b SNK
|y VYP
|7 0
|p 17A0028832
|o snkIB 55773 D1
|0 0
|1 1
|4 0
|d 1997-01-04
|l 0
|r 2005-01-01 00:00:00
|w 2026-02-23
|
| 952 |
|
|
|t P60, <04>, [BOOK], {604}
|a SNK
|b SNK
|y VYP
|7 0
|p 17A0127021
|o snkIB 55773
|0 0
|1 0
|4 0
|d 1998-03-04
|l 0
|r 2005-01-01 00:00:00
|w 2026-02-23
|